Planning processes in developing countries (Record no. 477994)

MARC details
000 -LEADER
fixed length control field 00832nam a2200265Ia 4500
003 - CONTROL NUMBER IDENTIFIER
control field OSt
005 - DATE AND TIME OF LATEST TRANSACTION
control field 20220925165720.0
008 - FIXED-LENGTH DATA ELEMENTS--GENERAL INFORMATION
fixed length control field 220923b |||||||| |||| 00| 0 eng d
020 ## - INTERNATIONAL STANDARD BOOK NUMBER
International Standard Book Number 0 444 86344 3
037 ## - SOURCE OF ACQUISITION
Terms of availability General Book
040 ## - CATALOGING SOURCE
Original cataloging agency RTL
Transcribing agency RTL
Language of cataloging eng
041 ## - LANGUAGE CODE
Source of code eng
Language code of text/sound track or separate title eng
100 ## - MAIN ENTRY--PERSONAL NAME
Personal name Cook Wade D.
9 (RLIN) 234541
245 #0 - TITLE STATEMENT
Title Planning processes in developing countries
Remainder of title Techn
260 ## - PUBLICATION, DISTRIBUTION, ETC.
Place of publication, distribution, etc. Amsterdam
Name of publisher, distributor, etc. North Holland Publishing Co. Netherland
Date of publication, distribution, etc. 1982
300 ## - PHYSICAL DESCRIPTION
Extent 416p.
Dimensions cm.
490 ## - SERIES STATEMENT
Series statement Studies in the Management Sciences. 17.
650 ## - SUBJECT ADDED ENTRY--TOPICAL TERM
Topical term or geographic name entry element Planned Economy-International
9 (RLIN) 234542
700 ## - ADDED ENTRY--PERSONAL NAME
Personal name Kuhn Tillo E.
9 (RLIN) 234543
942 ## - ADDED ENTRY ELEMENTS (KOHA)
Classification part X:75.1(X).N7, M2
Koha item type General Books
Source of classification or shelving scheme Colon Classification (CC)
Holdings
Withdrawn status Lost status Damaged status Not for loan Home library Current library Date acquired Total Checkouts Full call number Barcode Date last seen Price effective from Koha item type
        Ratan Tata Library Ratan Tata Library 2022-09-25   X:75.1(X).N7 M2 RT0803098 2022-09-25 2022-09-25 General Books
Copyright @ Delhi University Library System